000 00578nam a2200241 a 4500
001 nice12345678
003 IN_TiNIC
005 20260116011715.0
008 050524s1935 lona grp 000 0 eng
020 _a
_c100
082 0 0 _a201
_bPEA
100 _aPeake, Arthur S
245 _aChristianity Its Nature and Its Truths.
260 _aLondon
_bDuckworth
_c1935
300 _a298p
500 _aincludes index and biblioraphy
505 2 _aBibliography
650 _aChristianity
700 1 _aPeake, Arthur S
902 _bRBA
942 _cBK
999 _c3478
_d3478